[Event "Wiesbaden op 32nd"]
[Site "Wiesbaden"]
[Date "2023.08.25"]
[Round "3"]
[White "Davidov, Georgi"]
[Black "Donecker, Stefan"]
[Result "1-0"]
[WhiteElo "1904"]
[BlackElo "1695"]
[PlyCount "89"]
[EventDate "2023.08.24"]
[EventType "swiss"]
[EventRounds "7"]
[EventCountry "GER"]
[SourceTitle "CBM 216 Extra"]
[Source "ChessBase"]
[SourceDate "2023.11.30"]
[SourceVersion "1"]
[SourceVersionDate "2023.11.30"]
[SourceQuality "1"]

1. e4 c5 2. Nf3 e6 3. b3 d5 4. exd5 exd5 5. d4 Nf6 6. Bb2 Nc6 7. Bb5 Be6 8. 0-0 Be7 9. Ng5 0-0 10. Nxe6 fxe6 11. Qe2 Nxd4 12. Bxd4 cxd4 13. Qxe6+ Kh8 14. Nd2 Bb4 15. Nf3 Bc3 16. Rad1 a6 17. Bd3 Qc7 18. Ng5 Rae8 19. Qh3 g6 20. Ne6 Rxe6 21. Qxe6 Qg7 22. h3 Bb4 23. Qb6 Bc3 24. f4 Ne4 25. Qe6 Qf7 26. Qe5+ Kg8 27. Bxe4 dxe4 28. Qxe4 Re8 29. Qd3 b5 30. f5 g5 31. Rf3 Qf6 32. g4 Re1+ 33. Rxe1 Bxe1 34. Qe2 Bb4 35. Qe6+ Kg7 36. Kf2 Bd2 37. Ke2 Bf4 38. Qxf6+ Kxf6 39. c3 Be5 40. cxd4 Bxd4 41. Rd3 Bc5 42. Rd7 h6 43. Rc7 Bb4 44. Rc6+ Ke5 45. Rxh6 1-0

[Event "Hessen-ch op-B"]
[Site "Frankfurt Sossenheim"]
[Date "2015.??.??"]
[Round "2"]
[White "Davidov, Georgi"]
[Black "Schwarz, Matthias"]
[Result "1-0"]
[WhiteElo "1662"]
[BlackElo "1352"]
[PlyCount "55"]
[EventDate "2015.05.13"]
[EventType "swiss"]
[EventRounds "7"]
[EventCountry "GER"]
[SourceTitle "EXT 2016"]
[Source "ChessBase"]
[SourceDate "2015.10.08"]
[SourceVersion "1"]
[SourceVersionDate "2015.10.08"]
[SourceQuality "1"]

1. e4 e5 2. Nf3 Nc6 3. Bb5 a6 4. Bxc6 dxc6 5. 0-0 Bd6 6. d4 Bg4 7. dxe5 Bxf3 8. Qxf3 Bxe5 9. Qb3 Ne7 10. f4 Bd4+ 11. Kh1 Bb6 12. f5 Qd4 13. Nc3 Qf6 14. Bf4 0-0-0 15. g4 g6 16. g5 Qd4 17. f6 Ng8 18. Qxf7 Nh6 19. gxh6 Rhf8 20. Qe6+ Kb8 21. Rad1 Qb4 22. Rxd8+ Rxd8 23. Qe7 Qd4 24. Rd1 Qf2 25. Qxd8+ Ka7 26. Qd2 Qf3+ 27. Qg2 Qxf4 28. Rf1 1-0

[Event "Hessen-ch op-B"]
[Site "Frankfurt Sossenheim"]
[Date "2015.??.??"]
[Round "3"]
[White "Froehlich Dill, Astrid"]
[Black "Davidov, Georgi"]
[Result "1/2-1/2"]
[WhiteElo "1925"]
[BlackElo "1662"]
[PlyCount "132"]
[EventDate "2015.05.13"]
[EventType "swiss"]
[EventRounds "7"]
[EventCountry "GER"]
[SourceTitle "EXT 2016"]
[Source "ChessBase"]
[SourceDate "2015.10.08"]
[SourceVersion "1"]
[SourceVersionDate "2015.10.08"]
[SourceQuality "1"]

1. d4 d5 2. Nf3 e6 3. c4 Bb4+ 4. Nc3 Nf6 5. a3 Bxc3+ 6. bxc3 0-0 7. Bg5 Nbd7 8. e3 c6 9. Bd3 Qa5 10. Qc2 dxc4 11. Bxc4 Nd5 12. Bxd5 cxd5 13. 0-0 Nf6 14. Bf4 Bd7 15. Rfc1 Rfc8 16. Qb2 Qb5 17. Qa2 Ne4 18. a4 Qa6 19. c4 dxc4 20. Ne5 Be8 21. Nxc4 g5 22. Be5 f6 23. f3 fxe5 24. fxe4 exd4 25. exd4 Bg6 26. e5 Qc6 27. Qd2 Qd5 28. Nd6 Rc6 29. Rxc6 bxc6 30. Rc1 Rb8 31. h3 h6 32. Rc5 Qb3 33. a5 Qb1+ 34. Rc1 Qxc1+ 35. Qxc1 Rb1 36. Qxb1 Bxb1 37. Nc8 a6 38. Ne7+ Kf7 39. Nxc6 Bd3 40. Kf2 h5 41. g3 Bc4 42. Ke3 Kg6 43. Nb4 Kf5 44. Kf3 g4+ 45. hxg4+ hxg4+ 46. Ke3 Bb5 47. Nd3 Bc6 48. Nf2 Bf3 49. Kd3 Bc6 50. Kc4 Bf3 51. Kc5 Bg2 52. Kd6 Bd5 53. Nd1 Bb3 54. Nc3 Bc4 55. d5 exd5 56. Nxd5 Ke4 57. Nf6+ Kf5 58. Nd5 Ke4 59. Nc7 Kf3 60. e6 Kxg3 61. e7 Bf7 62. Ke5 Kf3 63. Ne6 Be8 64. Nf4 g3 65. Kf5 Bd7+ 66. Ke5 Ke3 1/2-1/2

[Event "Hessen-ch op-B"]
[Site "Frankfurt Sossenheim"]
[Date "2015.??.??"]
[Round "5"]
[White "Praetz, Friedrich"]
[Black "Davidov, Georgi"]
[Result "1-0"]
[WhiteElo "1013"]
[BlackElo "1662"]
[PlyCount "127"]
[EventDate "2015.05.13"]
[EventType "swiss"]
[EventRounds "7"]
[EventCountry "GER"]
[SourceTitle "EXT 2016"]
[Source "ChessBase"]
[SourceDate "2015.10.08"]
[SourceVersion "1"]
[SourceVersionDate "2015.10.08"]
[SourceQuality "1"]

1. e4 e5 2. Nf3 Nf6 3. Nxe5 d6 4. Nf3 Nxe4 5. d4 d5 6. Bd3 Bd6 7. c4 c6 8. Nc3 Bb4 9. Bd2 Nxd2 10. Qxd2 0-0 11. 0-0 dxc4 12. Bxc4 Bg4 13. Ne5 Bh5 14. a3 Bd6 15. f4 Nd7 16. Ne4 Nb6 17. Bb3 Bc7 18. Ng3 Bxe5 19. fxe5 Bg6 20. Rf2 Nd5 21. Raf1 Qb6 22. Bxd5 cxd5 23. Ne2 Rac8 24. Nc3 Rfd8 25. Rf4 Rc4 26. Qf2 Qe6 27. Qe3 a6 28. R1f2 b5 29. b4 Rdc8 30. Ne2 Rc2 31. h4 h5 32. Kh2 R8c7 33. Qh3 Qc6 34. g4 Qc4 35. gxh5 Bd3 36. e6 Rxe2 37. exf7+ Kf8 38. Rxe2 Bxe2 39. Qe6 Qc6 40. Qxe2 Rxf7 41. Rxf7+ Kxf7 42. Qf3+ Kg8 43. Kg3 Qe6 44. Qf4 Qe1+ 45. Kg4 Qd1+ 46. Kg5 Qg1+ 47. Kf5 Qb1+ 48. Kg5 Qg1+ 49. Kf5 Qb1+ 50. Kg4 Qd1+ 51. Kg5 Qe2 52. Qb8+ Kh7 53. Qf4 Qg2+ 54. Qg4 Qxg4+ 55. Kxg4 Kh6 56. Kf5 Kxh5 57. Ke5 Kxh4 58. Kxd5 g5 59. Ke5 g4 60. d5 g3 61. d6 g2 62. d7 g1Q 63. d8Q+ Kh3 64. Qh8+ 1-0